All Blues (Record n. 99004)
[ formato base ]
| 000 -LEADER | |
|---|---|
| fixed length control field | 01897njm a2200373Ia 4500 |
| 001 - CONTROL NUMBER | |
| control field | A3567 |
| 003 - CONTROL NUMBER IDENTIFIER | |
| control field | IT-RoPAU |
| 005 - DATE AND TIME OF LATEST TRANSACTION | |
| control field | 20220918181111.0 |
| 008 - FIXED-LENGTH DATA ELEMENTS--GENERAL INFORMATION | |
| fixed length control field | 131025s9999 xx 000 0 und d |
| 040 ## - CATALOGING SOURCE | |
| Original cataloging agency | IT-RoPAU |
| 040 ## - CATALOGING SOURCE | |
| Transcribing agency | IT-RoPAU |
| 999 ## - SYSTEM CONTROL NUMBERS (KOHA) | |
| Koha Dewey Subclass [OBSOLETE] | n.d. |
| 100 ## - MAIN ENTRY--PERSONAL NAME | |
| Personal name | AA.VV. |
| 9 (RLIN) | 794 |
| 100 ## - MAIN ENTRY--PERSONAL NAME | |
| Relator term | Autore musica |
| 9 (RLIN) | 28043 |
| 100 ## - MAIN ENTRY--PERSONAL NAME | |
| Miscellaneous information | Codice autore musica SPICS: 12000 |
| 9 (RLIN) | 796 |
| 245 ## - TITLE STATEMENT | |
| Title | All Blues |
| 250 ## - EDITION STATEMENT | |
| Edition statement | 2a ed. |
| 260 ## - PUBLICATION, DISTRIBUTION, ETC. (IMPRINT) | |
| Place of publication, distribution, etc. | MILANO |
| 260 ## - PUBLICATION, DISTRIBUTION, ETC. (IMPRINT) | |
| Name of publisher, distributor, etc. | RUSCONI |
| Date of publication, distribution, etc. | 1992 [1a Ed.:0] |
| 300 ## - PHYSICAL DESCRIPTION | |
| Extent | COMPACT DISC |
| 300 ## - PHYSICAL DESCRIPTION | |
| Dimensions | 67 minuti (Testo: 0 pag.) |
| 500 ## - GENERAL NOTE | |
| General note | Musica jazz. Compact fuori commercio allegato al n. 11 della rivista "Musica jazz" |
| 505 ## - FORMATTED CONTENTS NOTE | |
| Formatted contents note | On Green Dolphin Street [(Scheveningen, 9 aprile 1960) (13:00)] - So What [(Scheveningen, 9 aprile 1960) (18:00)] - Oleo [(Sindelfingen, 8 ottobre 1964) (7:00)] - All Blues [(Sindelfingen, 8 ottobre 1964) (8:00)] - All of You [(Sindelfingen, 8 ottobre 1964) (13:00)] - Walkin' / The Theme (9:00) |
| 511 ## - PARTICIPANT OR PERFORMER NOTE | |
| Participant or performer note | Davis Miles: tr; Coltrane John: ten; Kelly Wynton: p; Chambers Paul: cb; Cobb Jimmy: batt |
| 511 ## - PARTICIPANT OR PERFORMER NOTE | |
| Participant or performer note | Davis Miles: tr; Shorter Wayne: ten; Hancock Herbie: p; Carter Ron: cb; Williams Tony: batt |
| 650 ## - SUBJECT ADDED ENTRY--TOPICAL TERM | |
| Topical term or geographic name as entry element | JAZZ [COMPACT DISC] |
| Relator term | Codice MATERIA SPICS: 9949 |
| 9 (RLIN) | 11822 |
| 700 ## - ADDED ENTRY--PERSONAL NAME | |
| Personal name | Davis Miles |
| Relator term | Interprete |
| Miscellaneous information | Codice interprete SPICS: 10734 |
| 9 (RLIN) | 28044 |
| 700 ## - ADDED ENTRY--PERSONAL NAME | |
| Personal name | Kaper Bronislaw |
| Relator term | Autore musica |
| Miscellaneous information | Codice autore musica SPICS: 15799 |
| Name of part/section of a work | On Green Dolphin Street - So What - |
| 9 (RLIN) | 28045 |
| 700 ## - ADDED ENTRY--PERSONAL NAME | |
| Personal name | Rollins Sonny |
| Relator term | Autore musica |
| Miscellaneous information | Codice autore musica SPICS: 16190 |
| Name of part/section of a work | Oleo |
| 9 (RLIN) | 28046 |
| 700 ## - ADDED ENTRY--PERSONAL NAME | |
| Personal name | Davis Miles |
| Relator term | Autore musica |
| Miscellaneous information | Codice autore musica SPICS: 10734 |
| Name of part/section of a work | All Blues - Walkin' / The Theme |
| 9 (RLIN) | 28047 |
| 700 ## - ADDED ENTRY--PERSONAL NAME | |
| Personal name | Porter Cole |
| Relator term | Autore musica |
| Miscellaneous information | Codice autore musica SPICS: 13034 |
| Name of part/section of a work | All of You |
| 9 (RLIN) | 28048 |
| 700 ## - ADDED ENTRY--PERSONAL NAME | |
| Personal name | Carpenter Richard |
| Relator term | Autore musica |
| Miscellaneous information | Codice autore musica SPICS: 26374 |
| Name of part/section of a work | Walkin' / The Theme |
| 9 (RLIN) | 28049 |
| 942 ## - ADDED ENTRY ELEMENTS (KOHA) | |
| Koha item type | CD AUDIO |
| Source of classification or shelving scheme | Dewey Decimal Classification |
| Withdrawn status | Lost status | Damaged status | Not for loan | Home library | Current library | Date acquired | Total Checkouts | Full call number | Date last seen | Price effective from | Koha item type | Public note |
|---|---|---|---|---|---|---|---|---|---|---|---|---|
| Buone Condizioni | Not For Loan | SPICS-MEDIATECA | SPICS-MEDIATECA | 25/10/2013 | A3567 | 25/10/2013 | 25/10/2013 | CD AUDIO | Progr. Ins.: 165 / N.Vol.: 1 / Copie: 1 - Copia rara: n.d. / date import: 01.01.2014 - By Epidotti, Trombetti, Vaglietti |